01624nam a2200265 a 4500008004100000020001500041041000800056092001900064100002800083245006400111250001100175260003300186300001100219500014500230590004200375653006700417653017000484653025100654653015900905653005601064700002701120942001201147999001501159952018401174180307s2001 a ||||frt||| 000 0 spa d a9509650013 aspa c614.1l30sGRA1 aGramática, Luis93542 3aEl consentimiento informado en medicina /cLuis Gramática a1a ed. aBuenos Aries:bSigma;c2001. a175 p. aGramática, L. y Vezzaro, D. (2001). El consentimiento informado en medicina. (1a ed.). Buenos Aires : Asociación Argentina de Cirugía. aDonación Dr Julio Arce, marzo 2018. aConsentimiento informado. Concepto. Consideraciones generales. aForma y contenido del consentimiento informado. Como informar. Que informar. Cuando informar. Quien debe informar. Como debe instrumentarse. Donde se debe informar.  aSituaciones excepcionales. La urgencia médica. Las operaciones mutilantes y transplante de órganos. El deber de información en la cirugía estética. Casos de esterilización, cambio de sexo y aborto. El caso de los Testigos de Jehová. aContracara del consentimiento informado. La negativa a consentir. La posterior revocación del consentimiento prestado. El deber de informar al paciente. aModelos de consentimiento informado en cirugía. 1 aVezzaro, Darío93543 2ddccBK c2690d2690 00102ddc4070aBFMbBFMcCRd2018-03-07eDonación Dr. Julio Arce, Marzo 2018.l0o614.1 30 GRAp4208r2018-03-07tEj. 1w2018-03-07yBKzDonación Dr. Julio Arce, Marzo 2018.